000 01005nam a2200277Ia 4500
003 OSt
005 20221005105240.0
006 a|||||r|||| 00| 0
007 ta
008 221004b |||||||| |||| 00| 0 hin d
020 _a9789386556080 (hbk)
_cINR 750.00
024 _a42938
037 _b56, 20/02/2019, Mallika Books
_cTextual
040 _aCRL
_cCRL
_bhin
041 _2hin
_ahin
082 _aP0aNR, 152Q8
100 _aशुक्ला, मधुरानी, ले.
245 0 _aलोक
_b भाषा एवं संगीत
246 _aLoka: bhāṣhā evan sangīta
260 _aनई दिल्ली
_bकनिष्क पब्लिशिंग हाउस भारत
_c2018
300 _a220पृ0
_ccm.
650 _a संगीत शास्त्र
650 _aभाषा
942 _hP0aNR, 152Q8
_cTEXL
_2cc
999 _c1015273
_d1015273